| 000 | 00555nam a2200181 4500 | ||
|---|---|---|---|
| 001 | 144634 | ||
| 003 | ES-MaACL | ||
| 005 | 20230906201049.0 | ||
| 007 | t| | ||
| 008 | 070214s1973 sp r ||||1| spa d | ||
| 100 | 1 |
_aSimon, Herbert Alexander. _9106512 |
|
| 245 | 1 | 4 |
_aLas ciencias de lo artificial / _cHerbert A. Simon ; traducción de Roser Berdagué. |
| 260 |
_aBarcelona : _bA.T.E., _c1973. |
||
| 300 |
_a169 p. ; _c20 cm. |
||
| 650 |
_aCiencia- _xFilosofía. _910950 |
||
| 700 | 1 |
_aBerdagué, Roser. _927859 |
|
| 852 |
_aES-MaACL _jC-55509 _bR.88019 |
||
| 999 |
_c144634 _d144634 |
||